000 01121nas a2200289 4500
001 BR9201772
003 BR-BrBNA
005 20231205092441.0
007 ta
008 230509b bl.|||p| |||| 00| 00por d
040 _aBR-BrBNA
_bpor
_cBiblioteca Nacional de Agricultura
041 _a(Pt)
072 _aH20
100 1 _aRam, C.
111 1 _a22. Congresso Brasileiro de Fitopatologia
_cRecife, PE (Brazil)
_dJul 1989
245 1 _aEfeito de fungicidas no controle da lixa-pequena (Catacauma torrendiella)e queima-das-folhas (Lasiodiplodia theobromae)do coqueiro (Cocos nucifera)em Sergipe
246 1 _aEffect of fungicides on the control of small-verrucosis (Catacauma torrendiella)and leaf blight (Lasiodiplodia theobromae)of coconut (Cocos nucifera)in Sergipe, Brazil
650 _aCOCO
650 _aLIXA PRETA
650 _aQUEIMA DA FOLHA
650 _aFUNGICIDA
650 _aCONTROLE QUIMICO
650 _aSERGIPE
773 0 _tFitopatologia Brasileira (Brazil)
_xISSN 0100-4158
_g(Dec 1990), v. 15(4) p. 289-291
_wBR9201772
909 _a202311
_bLúcia
_c55
_dLúcia Elande
942 _2AGRIS
_n0
_cANA
999 _c131783
_d131783